000 00273nam a2200121Ia 4500
008 240624s9999 xx 000 0 und d
041 _aeng
082 _a920 KHA
100 _aKHAN SAHANA
245 _aUSTAD ALAUDDIN KHAN
260 _aNew Delhi
_bRoli Books
365 _cRS
999 _c21076
_d21076